1977 1906 1921 1577 1422 1898 1493 1004 1244 1891 1275 1652 1631 1811 1746 1364 1302 1520 1689 1663 1538 1554 1133 1766 1473 1598 1234 1199 1824 1966 1241 1291 1598 1765 1908 1398 1988 1476 1510 1499 1899 1733 1345 2000 1942 1738 1293 1725 1840 1178 1918 1192 1528 1025 1911 1021 1621 1944 1686 1135 1907 1810 1902 1090 1025 1489 1845 1848 1350 1410 1398 1071 1186 1986 1957 1500 1994 1062 1845 1637 1422 1813 1808 1640 1534 1420 1482 1952 1505 1541 1058 1325 1349 1947 1541 1063 1710 1230 1537 BCNSPRNW ULIB Ver.6.0+V

เปลี่ยนเป็นภาษาไทย

Change to English
 แสดงรายละเอียดบรรณานุกรม
  กลับหน้าหลัก

Brief Record : Get Marc (ISO 2709) : E-mail record : QR code < ปิดหน้าต่าง
LEADER : 00000nam 2200000 a 4500
001    13399114490
003     ULIB
008    101228s2011 us a 000 0 eng d
020    ^a9781416068426 (pbk.)
060 04 ^aQT104^bH549h
100 1  ^aHerlihy, Barbara
245 14 ^aThe human body in health and illness /^cBarbara Herlihy
250    ^a4th ed.
260    ^aSt. Louis, Mo. :^bElsevier,^cc2011
300    ^axviii, 542 p. :^bcol. ill. ;^c28 cm
500    ^aSend to Single Search
504    ^aIncludes bibliographical references and index
650  2 ^aPathology
650  2 ^aPhysiology
945    ^p0^l0^i031612
995    ^a Kesorn
999 ^a ใช้งานได้ทุกระบบ
รายการนี้ยังไม่มีแท็ก
คุณยังไม่ได้ล็อกอิน คุณสามารถมีกิจกรรมร่วมกับเว็บไซต์ได้ แต่ต้องล็อกอินก่อน ::
  ล็อกอิน

รายการสื่อสารสนเทศ

ลำดับที่ ประเภท เลขเรียก/บาร์โค้ด สถานที่ สถานะ
- ไม่พบข้อมูล -

รายการใกล้เคียง
    ผู้แต่ง [Herlihy, Barbara]

    หัวเรื่อง [Pathology]
    หัวเรื่อง [Physiology]

BibComment


ยังไม่เคยถูกคอมเมนท์

คอมเมนท์ทรัพยากรรายการนี้
  คอมเมนท์: The human body i..


 Copyright 2026. Bcnsprnw @Library